000 00774nam a2200253Ia 4500
003 OSt
005 20220928124107.0
006 a|||||r|||| 00| 0
007 ta
008 220927b |||||||| |||| 00| 0 eng d
024 _a25512
037 _cTextual
040 _aSDCL
_cSDCL
_beng
041 _2eng
_aeng
082 _aG:55:(X), N7
100 _aUrbanska Krystyna M Ed.
_9409614
245 0 _aRestoration ecology and sustainable development.
260 _aCambridge
_bCambridge University Press
_c1997
300 _axv,397p
_ccm.
700 _a Edwards Peter J Ed.
_9463344
700 _a Webb Ligel R Ed.
_9463345
942 _hG:55:(X), N7
_cTEXL
_2CC
999 _c776262
_d776262